000 00312nam a2200145Ia 4500
100 _aAntonovich/ Michael
942 _cBK
654 _aFox pro 2
245 _aFox Pro 2 Programming guide
260 _bGalgotia
_aNew Delhi
_c1993
082 _a5.131
_bANT
300 _a579
546 _aENGLISH
999 _c21359
_d21359